| 000 | 00618nam a2200241Ia 4500 | ||
|---|---|---|---|
| 003 | OSt | ||
| 005 | 20220918111914.0 | ||
| 006 | a|||||r|||| 00| 0 | ||
| 007 | ta | ||
| 008 | 220915b |||||||| |||| 00| 0 eng d | ||
| 024 | _a248851 | ||
| 037 | _cTextbook | ||
| 040 |
_beng _aARTS _cARTS |
||
| 041 | _aeng | ||
| 082 | _aaw, L8 | ||
| 100 |
_aAaron Daniel Ed. _911079 |
||
| 245 | 0 | _aStudies in biography | |
| 260 |
_aCambridge _bHarvard University Press |
||
| 300 |
_a200p. _ccm. |
||
| 490 | _aHasvard english studies 8 | ||
| 942 |
_haw, L8 _cTB _2CC |
||
| 999 |
_c117127 _d117127 |
||